000 00462nam a2200193 a 4500
001 2804
003 CO-ViMGA
008 141112s2004 ck r 000 u spa d
040 _aCO-ViMGA
_bspa
_cCO-ViMGA
082 0 4 _aENDe
100 1 _aEnde, Michael
_93219
245 1 0 _aEscuela de magia y otros cuentos
250 _a2a
260 _aMadrid :
_bS.M,
_c1994
300 _a151 p : il
490 _aOro
650 1 4 _aCUENTOS INFANTILES
_92743
942 _2ddc
_cBK
999 _c14875
_d14875